Mahoma
Zapisane w:
| 1. autor: | |
|---|---|
| Format: | Książka |
| Język: | hiszpański |
| Wydane: |
Madrid
Alianza
1980
|
| Wydanie: | 2a. ed |
| Seria: | El Libro de Bolsillo
|
| Hasła przedmiotowe: | |
| Etykiety: |
Dodaj etykietę
Nie ma etykietki, Dołącz pierwszą etykiete!
|
MARC
| LEADER | 00000nam a2200000 a 4500 | ||
|---|---|---|---|
| 001 | UCP5285 | ||
| 003 | CL-VaPUC | ||
| 008 | 990903e19800000SP |||||||||||||||||spa|d | ||
| 082 | 0 | 4 | |a 297 |b AND |2 21 |
| 100 | 0 | |a Andrae, Tor |e author |9 433596 | |
| 245 | 1 | 0 | |a Mahoma |
| 250 | |a 2a. ed | ||
| 300 | |a 271 p | ||
| 942 | |c BK | ||
| 945 | |d 19990903 00:00:00 |a crobeson | ||
| 260 | |a Madrid |b Alianza |c 1980 | ||
| 600 | 0 | |a Mahoma, |d 570-632 |9 482781 | |
| 650 | 0 | |a Islamismo |9 314084 | |
| 650 | 0 | |a Profetas |9 314377 | |
| 650 | 0 | |a Corán |9 314983 | |
| 650 | 0 | |a Vida religiosa |9 257284 | |
| 583 | |a last modification |c 19990903 00:00:00 |k Rodrigo Vera | ||
| 490 | 0 | |a El Libro de Bolsillo | |
| 999 | |c 283053 |d 283051 | ||
| 952 | |0 0 |1 0 |4 0 |6 297_000000000000000_AND_1980 |7 0 |8 A |9 325803 |a BIBHIS |b BIBHIS |d 2019-11-20 |i 1357093 |o 297 AND 1980 |p 1357093 |r 2025-01-20 |w 2019-11-20 |y BK |k HIS | ||
| 952 | |0 0 |1 0 |4 0 |6 297_000000000000000_AND_1980 |7 0 |8 A |9 325804 |a BIBHIS |b BIBHIS |d 2019-11-20 |i 1357107 |o 297 AND 1980 |p 1357107 |r 2025-01-20 |w 2019-11-20 |y BK |k HIS | ||
| 952 | |0 0 |1 0 |4 0 |6 297_000000000000000_AND_1980 |7 0 |8 A |9 325805 |a BIBHIS |b BIBHIS |d 2019-11-20 |i 1357115 |o 297 AND 1980 |p 1357115 |r 2025-01-20 |w 2019-11-20 |y BK |k HIS | ||
| 952 | |0 0 |1 0 |4 0 |6 297_000000000000000_AND_1980 |7 0 |8 A |9 325806 |a BIBHIS |b BIBHIS |d 2019-11-20 |i 1357123 |o 297 AND 1980 |p 1357123 |r 2025-01-20 |w 2019-11-20 |y BK |k HIS | ||